المعماريين المصريين الرواد : (Record no. 24980)

MARC details
000 -الفاتح
حقل البيانات ثابتة الطول 01360nam a22003255a 4500
003 - محدد رقم الضبط
رقم الضبط EG-ScBUE
005 - وقت وتاريخ اخر تعامل مع التسجيلة
رقم الضبط 20221009102420.0
008 - عناصر البيانات ثابتة الطول - معلومات عامة
حقل البيانات ثابتة الطول 170705s2012 ua ao f b 000 0cara d
017 ## - رقم الإيداع القانونى
رقم الإيداع القانونى 2010 / 17652
020 ## - الرقم الدولى المعيارى للكتب
الرقم الدولى المعيارى للكتاب 9772088525
040 ## - مصدر الفهرسة
وكالة الفهرسة الأصلية EG-ScBUE
لغة الفهرسة ara
قواعد الوصف rda
وكالة التعديل EG-ScBUE
وكالة النسخ EG-ScBUE
043 ## - رمز المنطقة الجغرافية
رمز المنطقة الجغرافية f-ua---
082 04 - رقم تصنيف ديوى العشرى
رقم التصنيف 720.962
رقم المادة ع ا ش
رقم الطبعة 22
100 1# - المدخل الرئيسى - إسم شخصى
الإسم الشخصى عاشور، شيماء سمير كامل،
الدور مؤلف.
245 12 - بيان العنوان
العنوان المعماريين المصريين الرواد :
بقية العنوان خلال الفترة الليبرالية بين ثورتي، 1919 و1952 م /
بيان المسئوليه,etc المهندسة شيماء سمير كامل عاشور.
250 ## - بيان الطبعة
بيان الطبعة الطبعة الأولى.
264 #1 - النشر، التوزيع
مكان الناشر او الموزع القاهرة :
اسم الناشر او الموزع مكتبة مدبولي،
تاريخ النشر أو التوزيع 2012.
300 ## - الوصف المادى
التعداد 448 صفحة :
تفاصيل ماديه اخرى للوعاء إيضاحيات، صور ؛
أبعاد الوعاء 24 سم.
490 0# - بيان السلسلة
عنوان السلسلة صفحات من تاريخ مصر ؛
رقم المجلد/ التعيين التسلسلي 62
500 ## - تبصرة عامة
تبصرة عامة يشتمل علي ملاحق.
504 ## - تبصرة ببليوجرافية
تبصرة ببليوجرافية,الخ يشتمل علي إرجاعات ببليوجرافية.
590 ## - تبصرة محلية(RLIN)
تبصرة محلية سامح
650 #7 - المدخل الاضافى بالموضوع-مصطلح موضوعى
مصطلح موضوعي أو اسم جغرافي كعنصر مدخل العمارة المصرية.
مصدر الرأس أو المصطلح BUEsh
9 (RLIN) 22041
650 #7 - المدخل الاضافى بالموضوع-مصطلح موضوعى
مصطلح موضوعي أو اسم جغرافي كعنصر مدخل المعماريون المصريون
التقسيم الفرعي الزمني قرن 20
التقسيم الفرعي الشكلي تراجم.
مصدر الرأس أو المصطلح BUEsh
651 #7 - المدخل الاضافى بالموضوع - اسم جغرافى
الاسم الجغرافي مصر
التقسيم الفرعي العام تاريخ
التقسيم الفرعي الزمني ثورة، 1919.
مصدر الرأس أو المصطلح BUEsh
9 (RLIN) 31173
651 #7 - المدخل الاضافى بالموضوع - اسم جغرافى
الاسم الجغرافي مصر
التقسيم الفرعي العام تاريخ
التقسيم الفرعي الزمني الثورة، 1952.
مصدر الرأس أو المصطلح BUEsh
653 ## - مصطلح تكشيفى غير مقيد
Resource For college Generalities
-- Engineering, Architecture
Arrived date list July2017
655 ## - مصطلح تكشيفى-نوع/شكل
التقسيم الفرعي الشكلي Reading book
942 ## - عناصر المدخل الإضافي( كوها)
مصدر التصنيف او مخطط الترفيف Dewey Decimal Classification
Holdings
حالة التراجع حالة الفقد مصدر التصنيف او خطة الترفيف حالة تلف ليس للاعارة مجموعات كوها المكان الدائم المكان الحالي موقع الترفيف تاريخ الاكتساب Source of acquisition تعداد مسلسل / التسلسل الزمني رقم الاستدعاء الباركود Date last seen نوع الوعاء
    Dewey Decimal Classification     Madboly Central Library Central Library Second Floor 05/07/2017 Purchase 04183 720.962 ع ا ش 000045232 15/07/2025 Book - Borrowing